| 000 | 00469nam a22001457a 4500 | ||
|---|---|---|---|
| 082 | _aP661 | ||
| 100 |
_aRizwan Sarwar TC Syn#10 _950967 |
||
| 245 | _aApplication of revit and autodesk quantity take off in estimating BOQs for E-type apartments | ||
| 260 |
_aRisalpur, _bMCE, _c2016. |
||
| 300 |
_a125p. _bill. _c26cm. |
||
| 526 |
_a0 _b0 _c0 _dP_661_000000000000000 |
||
| 526 |
_a0 _b0 _c0 _dP_661_000000000000000 |
||
| 700 |
_aMaj Dr Sohail Malik _950968 |
||
| 942 |
_2ddc _cBK |
||
| 999 |
_c553712 _d553712 |
||